| 000 | 01106nam a2200289 a 4500 | ||
|---|---|---|---|
| 005 | 20220916063603.0 | ||
| 008 | 140522s2006 es r 000 0 spa d | ||
| 020 | _a8498251206 (10 dígitos) | ||
| 020 | _89788498251203 (13 dígitos) | ||
| 035 | _aUPN01000197453 | ||
| 049 | _aI | ||
| 050 | 4 |
_aPZ73 _bF5.2 |
|
| 245 | 0 | 3 |
_aEl flautista de Hamelín / _cadapt. Luz Orihuela ; il. Jordi Vila Delclós. |
| 260 |
_aBarcelona, Esp. : _bCombel, _c2006. |
||
| 300 |
_a94 p. : _bil. col. + _e1 CD-ROM ; 4 3/4 plgs. |
||
| 440 | 0 |
_aCaballo alado clásico. _pAl galope |
|
| 500 | _aSolicíta el CD-ROM en el Mostrador de Préstamo | ||
| 501 | _aCon: El traje nuevo del emperador / il. Javier Andrada ; Los músicos de Bremen / il. Petra Steinmeyer ; El zapatero y los duendes / il. Sebastiá Serra. | ||
| 650 | 4 |
_aCuentos infantiles _96744 |
|
| 650 | 7 |
_aLibros ilustrados para niños _2 _921365 |
|
| 700 | 1 |
_aOrihuela, Luz, _eadapt. _933078 |
|
| 740 | 3 | _aEl traje nuevo del emperador | |
| 740 | 4 | _aLos músicos de Bremen | |
| 740 | 3 | _aEl zapatero y los duendes | |
| 905 | _aInfantil | ||
| 999 |
_c169554 _d169554 |
||